The age of the economist : Ideas that shape the way we live
Đã lưu trong:
| Hovedforfatter: | |
|---|---|
| Format: | Bog |
| Sprog: | Undetermined |
| Udgivet: |
New York
Pyramid Books
1970
|
| Fag: | |
| Tags: |
Tilføj Tag
Ingen Tags, Vær først til at tagge denne postø!
|
| Thư viện lưu trữ: | Trung tâm Học liệu Trường Đại học Cần Thơ |
|---|
| LEADER | 00542nam a2200205Ia 4500 | ||
|---|---|---|---|
| 001 | CTU_81897 | ||
| 008 | 210402s9999 xx 000 0 und d | ||
| 082 | |a 330 | ||
| 082 | |b F933 | ||
| 100 | |a Fusfeld, Daniel R. | ||
| 245 | 4 | |a The age of the economist : | |
| 245 | 0 | |b Ideas that shape the way we live | |
| 245 | 0 | |c Daniel R. Fusfeld | |
| 260 | |a New York | ||
| 260 | |b Pyramid Books | ||
| 260 | |c 1970 | ||
| 650 | |a Economics | ||
| 650 | |x History | ||
| 904 | |i Trọng Hải | ||
| 980 | |a Trung tâm Học liệu Trường Đại học Cần Thơ | ||